00346nam a2200133Ia 4500008004100000020001500041041001200056100001700068245006000085260002500145300000900170650001600179700001700195221030s9999 xx 000 0 und d a0070601682 aEnglish aS. Lipschutz 0aSchaum`s Data Structurescby S. Lipschutz, G. A. V. Pai bTMHaNew Delhic2006 a9.27 aBB Computer aG. A. V. Pai